000 00524nam a2200157 i 4500
001 50992
003 ES-MaACL
005 20230906162255.0
007 t|
008 030807s1979 ch ||||1| spa d
100 1 _aChang, Chen-pong.
_937963
245 1 0 _aAnatomía de la intriga de Frente Unido Pacífico de los comunistas chinos contra Taiwan /
_cpar Chang Chen-pong.
260 _a[Taiwan] :
_bLiga Anticomunista de los Pueblos Asiáticos,
_c1979.
300 _a41 p. ;
_c19 cm.
852 _aES-MaACL
_j2097-F-19
_bR.99440
999 _c50992
_d50992